<?xml version="1.0" encoding="UTF-8"?>
<record
    xmlns:xsi="http://www.w3.org/2001/XMLSchema-instance"
    xsi:schemaLocation="http://www.loc.gov/MARC21/slim http://www.loc.gov/standards/marcxml/schema/MARC21slim.xsd"
    xmlns="http://www.loc.gov/MARC21/slim">

  <leader>00625nam a22001337a 4500</leader>
  <datafield tag="040" ind1=" " ind2=" ">
    <subfield code="c">RUA</subfield>
  </datafield>
  <datafield tag="082" ind1=" " ind2=" ">
    <subfield code="a">VEM SEA  2024  B1.330  Or.1</subfield>
  </datafield>
  <datafield tag="100" ind1=" " ind2=" ">
    <subfield code="a">SEAB SEY , &#x179F;&#x17C0;&#x1794; &#x179F;&#x17B8;</subfield>
  </datafield>
  <datafield tag="245" ind1=" " ind2=" ">
    <subfield code="a">Case of salminella spp. on pork at the market, in toul kork district, phnom penh , &#x1780;&#x179A;&#x178E;&#x17B8; Salmonella Spp. &#x179B;&#x17BE;&#x179F;&#x17B6;&#x1785;&#x17CB;&#x1787;&#x17D2;&#x179A;&#x17BC;&#x1780;&#x1793;&#x17C5;&#x1795;&#x17D2;&#x179F;&#x17B6;&#x179A; &#x1780;&#x17D2;&#x1793;&#x17BB;&#x1784;&#x1781;&#x178E;&#x17D2;&#x178C;&#x1791;&#x17BD;&#x179B;&#x1782;&#x17C4;&#x1780; &#x179A;&#x17B6;&#x1787;&#x1792;&#x17B6;&#x1793;&#x17B8;&#x1797;&#x17D2;&#x1793;&#x17C6;&#x1796;&#x17C1;&#x1789;</subfield>
  </datafield>
  <datafield tag="260" ind1=" " ind2=" ">
    <subfield code="a">PHNOM PENH</subfield>
    <subfield code="b">RUA</subfield>
    <subfield code="c">2024</subfield>
  </datafield>
  <datafield tag="300" ind1=" " ind2=" ">
    <subfield code="a">ix,</subfield>
    <subfield code="b">ill,</subfield>
    <subfield code="c">29cm,</subfield>
  </datafield>
  <datafield tag="856" ind1=" " ind2=" ">
    <subfield code="u">https://drive.google.com/file/d/1XMqAZWYbhwn-iuwPL2fziAqOjnPjWGlx/view?usp=sharing</subfield>
  </datafield>
  <datafield tag="942" ind1=" " ind2=" ">
    <subfield code="c">VEM</subfield>
  </datafield>
  <datafield tag="999" ind1=" " ind2=" ">
    <subfield code="c">24740</subfield>
    <subfield code="d">24740</subfield>
  </datafield>
  <datafield tag="952" ind1=" " ind2=" ">
    <subfield code="0">0</subfield>
    <subfield code="1">0</subfield>
    <subfield code="4">0</subfield>
    <subfield code="6">VEM_SEA_2024_000000000000000_B1_330_OR_1</subfield>
    <subfield code="7">0</subfield>
    <subfield code="9">104330</subfield>
    <subfield code="a">LBB</subfield>
    <subfield code="b">LBB</subfield>
    <subfield code="c">B1.330</subfield>
    <subfield code="d">2025-04-29</subfield>
    <subfield code="l">6</subfield>
    <subfield code="o">VEM SEA  2024  B1.330  Or.1</subfield>
    <subfield code="p">A082883</subfield>
    <subfield code="r">2026-06-26</subfield>
    <subfield code="s">2026-06-09</subfield>
    <subfield code="y">VEM</subfield>
  </datafield>
  <datafield tag="952" ind1=" " ind2=" ">
    <subfield code="0">0</subfield>
    <subfield code="1">0</subfield>
    <subfield code="4">0</subfield>
    <subfield code="6">VEM_SEA_2024_000000000000000_B1_330_OR_2</subfield>
    <subfield code="7">0</subfield>
    <subfield code="9">104331</subfield>
    <subfield code="a">LBB</subfield>
    <subfield code="b">LBB</subfield>
    <subfield code="c">B1.330</subfield>
    <subfield code="d">2025-04-29</subfield>
    <subfield code="o">VEM SEA  2024  B1.330  Or.2</subfield>
    <subfield code="p">A083083</subfield>
    <subfield code="r">2025-04-29</subfield>
    <subfield code="y">VEM</subfield>
  </datafield>
  <datafield tag="952" ind1=" " ind2=" ">
    <subfield code="0">0</subfield>
    <subfield code="1">0</subfield>
    <subfield code="4">0</subfield>
    <subfield code="6">VEM_SEA_2024_000000000000000_B1_330_OR_3</subfield>
    <subfield code="7">0</subfield>
    <subfield code="9">104332</subfield>
    <subfield code="a">LBB</subfield>
    <subfield code="b">LBB</subfield>
    <subfield code="c">B1.330</subfield>
    <subfield code="d">2025-04-29</subfield>
    <subfield code="o">VEM SEA  2024  B1.330  Or.3</subfield>
    <subfield code="p">A082657</subfield>
    <subfield code="r">2025-04-29</subfield>
    <subfield code="y">VEM</subfield>
  </datafield>
</record>
